[Event "PokerStars Masters 2nd"]
[Site "Douglas"]
[Date "2015.10.04"]
[Round "2.21"]
[White "Rambaldi, Francesco"]
[Black "Lyell, Mark"]
[Result "1/2-1/2"]
[WhiteElo "2547"]
[BlackElo "2285"]
[PlyCount "103"]
[EventDate "2015.10.03"]
[EventType "swiss"]
[EventRounds "9"]
[EventCountry "IOM"]
[SourceTitle "twic1065-1099"]
[Source "Mark Crowther"]
[SourceDate "2015.12.04"]
[SourceVersion "1"]
[SourceVersionDate "2015.12.04"]
[SourceQuality "1"]

1. b3 e5 2. Bb2 Nc6 3. e3 d6 4. Nf3 Nf6 5. d4 exd4 6. Nxd4 Nxd4 7. Qxd4 Be7 8.
Nc3 Be6 9. O-O-O O-O 10. e4 c5 11. Qe3 Qa5 12. f4 Rad8 13. f5 Bd7 14. g4 d5 15.
exd5 Bd6 16. Qf3 Qb4 17. h3 Rfe8 18. a3 Qf4+ 19. Qxf4 Bxf4+ 20. Kb1 a6 21. Bg2
c4 22. bxc4 Rc8 23. Rhe1 Rxe1 24. Rxe1 Rxc4 25. Ne4 Nxd5 26. Rd1 Nb6 27. Nd6
Rxc2 28. Kxc2 Ba4+ 29. Kd3 Bxd1 30. Nxb7 Kf8 31. Bd4 Nd7 32. Bd5 Ba4 33. Nd8
Bb5+ 34. Bc4 Ne5+ 35. Bxe5 Bxe5 36. Bxb5 axb5 37. Kc2 Ke7 38. Nc6+ Kd6 39. Nd8
Ke7 40. Nb7 Bd6 41. Kb3 Kd7 42. Nxd6 Kxd6 43. Kb4 Kc6 44. g5 f6 45. gxf6 gxf6
46. Ka5 Kc5 47. Ka6 Kc6 48. Ka7 Kc7 49. Ka6 Kc6 50. Ka5 Kc5 51. h4 h5 52. Ka6
1/2-1/2

[Event "PokerStars Masters 2nd"]
[Site "Douglas"]
[Date "2015.10.04"]
[Round "2.22"]
[White "Afek, Yochanan"]
[Black "Hillarp Persson, Tiger"]
[Result "1/2-1/2"]
[WhiteElo "2252"]
[BlackElo "2546"]
[PlyCount "148"]
[EventDate "2015.10.03"]
[EventType "swiss"]
[EventRounds "9"]
[EventCountry "IOM"]
[SourceTitle "twic1065-1099"]
[Source "Mark Crowther"]
[SourceDate "2015.12.04"]
[SourceVersion "1"]
[SourceVersionDate "2015.12.04"]
[SourceQuality "1"]

1. e4 c5 2. Nf3 e6 3. c3 d5 4. exd5 exd5 5. d4 Nc6 6. Be3 cxd4 7. Nxd4 Nf6 8.
Be2 Bd6 9. Nd2 O-O 10. O-O Re8 11. Re1 a6 12. Nf1 Ne5 13. Bg5 h6 14. Bh4 Ng6
15. Bg3 Bc5 16. Bf3 Rxe1 17. Qxe1 h5 18. h3 h4 19. Be5 Nh7 20. Bh2 Ng5 21. Nd2
Bxd4 22. cxd4 Bf5 23. Rc1 Nxf3+ 24. Nxf3 Be4 25. Qe3 Bxf3 26. Qxf3 Rc8 27. Rc3
Qd7 28. g4 hxg3 29. Rxc8+ Qxc8 30. Bxg3 Ne7 31. Kg2 Qd7 32. Be5 f6 33. Bg3 Nf5
34. Qd3 Qe6 35. Kf1 Kf7 36. Bb8 Qe4 37. Qxe4 dxe4 38. d5 Ne7 39. d6 Nd5 40. f3
exf3 41. Kf2 Ke6 42. Kxf3 f5 43. h4 g6 44. Kg3 Kd7 45. a4 a5 46. Kf3 b6 47. Kg3
Kc8 48. Ba7 Kb7 49. d7 Kc7 50. Bb8+ Kxd7 51. Be5 Kc6 52. Bd4 b5 53. b3 b4 54.
Bf2 Nc3 55. Kf4 Kd6 56. Ba7 Nxa4 57. bxa4 Kd5 58. Bb8 b3 59. Be5 Kc4 60. Kg5
Kb4 61. Kxg6 f4 62. h5 f3 63. h6 f2 64. h7 f1=Q 65. h8=Q Qd3+ 66. Kg5 Kxa4 67.
Bb2 Qd5+ 68. Kf4 Kb4 69. Ke3 Qc5+ 70. Kd3 Qf5+ 71. Kd2 Qf4+ 72. Kd3 a4 73. Qc3+
Kb5 74. Ba3 Qf3+ 1/2-1/2

[Event "PokerStars Masters 2nd"]
[Site "Douglas"]
[Date "2015.10.04"]
[Round "2.23"]
[White "Leutwyler, Martin"]
[Black "Greenfeld, Alon"]
[Result "0-1"]
[WhiteElo "2156"]
[BlackElo "2534"]
[PlyCount "57"]
[EventDate "2015.10.03"]
[EventType "swiss"]
[EventRounds "9"]
[EventCountry "IOM"]
[SourceTitle "twic1065-1099"]
[Source "Mark Crowther"]
[SourceDate "2015.12.04"]
[SourceVersion "1"]
[SourceVersionDate "2015.12.04"]
[SourceQuality "1"]

1. d4 e6 2. c4 b6 3. a3 Bb7 4. Nc3 f5 5. d5 Nf6 6. g3 Na6 7. Bg2 Nc5 8. Nf3
Nce4 9. Nd4 Nxc3 10. bxc3 Bc5 11. O-O Bxd4 12. Qxd4 O-O 13. a4 d6 14. a5 e5 15.
Qd3 Nd7 16. f4 Qe7 17. e4 Nc5 18. Qc2 Ba6 19. Be3 Bxc4 20. Rfe1 Nd3 21. Re2
exf4 22. Bd4 Rae8 23. Rd1 Nc5 24. Rde1 Bxe2 25. Rxe2 fxe4 26. Bxc5 f3 27. Bxf3
Rxf3 28. Bd4 Qf7 29. Qd1 0-1

[Event "PokerStars Masters 2nd"]
[Site "Douglas"]
[Date "2015.10.04"]
[Round "2.24"]
[White "Fridman, Daniel"]
[Black "Klein, Felix"]
[Result "1/2-1/2"]
[WhiteElo "2649"]
[BlackElo "2306"]
[PlyCount "147"]
[EventDate "2015.10.03"]
[EventType "swiss"]
[EventRounds "9"]
[EventCountry "IOM"]
[SourceTitle "twic1065-1099"]
[Source "Mark Crowther"]
[SourceDate "2015.12.04"]
[SourceVersion "1"]
[SourceVersionDate "2015.12.04"]
[SourceQuality "1"]

1. c4 e6 2. Nf3 d5 3. e3 Nf6 4. d4 dxc4 5. Bxc4 c5 6. O-O a6 7. Bb3 b5 8. a4
Bb7 9. axb5 axb5 10. Rxa8 Bxa8 11. Na3 c4 12. Bc2 Bxa3 13. bxa3 Be4 14. Nd2
Bxc2 15. Qxc2 Qa5 16. a4 c3 17. Nb3 Qb4 18. axb5 Nbd7 19. Rd1 Nd5 20. Nc5 Nxc5
21. dxc5 f5 22. e4 fxe4 23. Re1 O-O 24. Qxe4 Qxc5 25. Qxe6+ Kh8 26. Be3 Nxe3
27. Qxe3 Qxb5 28. Qxc3 Qf5 29. f3 h6 30. Re7 Qb1+ 31. Re1 Qf5 32. h4 Qf6 33.
Qb4 Rd8 34. Re4 Kh7 35. Qb1 Kh8 36. Qe1 Kh7 37. Kh2 Qd6+ 38. Re5 Rf8 39. Kh3
Qd7+ 40. Kg3 Qd6 41. h5 Rf5 42. f4 Qd3+ 43. Kg4 Rf8 44. g3 Rb8 45. Re3 Qc2 46.
Rc3 Qb1 47. Rc1 Qd3 48. Rd1 Qc2 49. Rd2 Qb1 50. Qe2 Rf8 51. Rc2 Qb7 52. Qd3+
Kh8 53. Rc5 Qe7 54. Rc6 Rd8 55. Qb3 Qe2+ 56. Qf3 Qxf3+ 57. Kxf3 Rd3+ 58. Kg4
Ra3 59. Rc1 Kg8 60. Rf1 Kf7 61. Rf3 Ra1 62. Rd3 Ra5 63. Rd7+ Kf6 64. Rd6+ Kf7
65. Rg6 Ra1 66. Rb6 Ra5 67. Kh4 Ra4 68. Kh3 Ra3 69. Rg6 Ra5 70. g4 Ra4 71. f5
Ra3+ 72. Kh4 Rf3 73. Ra6 Kf8 74. Ra8+ 1/2-1/2

[Event "PokerStars Masters 2nd"]
[Site "Douglas"]
[Date "2015.10.04"]
[Round "2.25"]
[White "Boruchovsky, Avital"]
[Black "Efroimski, Marsel"]
[Result "1-0"]
[WhiteElo "2536"]
[BlackElo "2255"]
[PlyCount "87"]
[EventDate "2015.10.03"]
[EventType "swiss"]
[EventRounds "9"]
[EventCountry "IOM"]
[SourceTitle "twic1065-1099"]
[Source "Mark Crowther"]
[SourceDate "2015.12.04"]
[SourceVersion "1"]
[SourceVersionDate "2015.12.04"]
[SourceQuality "1"]

1. Nf3 c5 2. c4 g6 3. d4 cxd4 4. Nxd4 Bg7 5. e4 Nf6 6. Nc3 Nc6 7. Be3 Ng4 8.
Qxg4 Nxd4 9. Qd1 e5 10. Bd3 O-O 11. O-O d6 12. Qd2 Be6 13. Rad1 a6 14. b3 Qa5
15. Nd5 Qxd2 16. Bxd2 Bxd5 17. cxd5 Rfc8 18. Bb4 Bf8 19. Rc1 Be7 20. Rfd1 Kf8
21. g3 Ke8 22. Bf1 Rxc1 23. Rxc1 Kd7 24. f4 Bd8 25. Kh1 a5 26. Bd2 Rc8 27. Bh3+
f5 28. Rxc8 Kxc8 29. Bc3 Kc7 30. exf5 gxf5 31. Bxa5+ b6 32. Bc3 Ne2 33. Bd2
exf4 34. gxf4 Nd4 35. Bf1 Bh4 36. Bd3 Nf3 37. Bc3 Bf2 38. Bxf5 Be3 39. Be4 Nd2
40. Bxh7 Bxf4 41. Kg2 Be3 42. Bg6 b5 43. h4 Kb6 44. Bb4 1-0

[Event "PokerStars Masters 2nd"]
[Site "Douglas"]
[Date "2015.10.04"]
[Round "2.26"]
[White "Greet, Andrew"]
[Black "Harika, Dronavalli"]
[Result "0-1"]
[WhiteElo "2455"]
[BlackElo "2516"]
[PlyCount "176"]
[EventDate "2015.10.03"]
[EventType "swiss"]
[EventRounds "9"]
[EventCountry "IOM"]
[SourceTitle "twic1065-1099"]
[Source "Mark Crowther"]
[SourceDate "2015.12.04"]
[SourceVersion "1"]
[SourceVersionDate "2015.12.04"]
[SourceQuality "1"]

1. d4 d5 2. c4 c6 3. Nf3 Nf6 4. e3 Bg4 5. Qb3 Qb6 6. Nc3 e6 7. Nh4 Bh5 8. h3 g5
9. Nf3 h6 10. Ne5 Nfd7 11. Nd3 Na6 12. Bd2 Bg7 13. Be2 Bxe2 14. Nxe2 e5 15.
cxd5 Qxb3 16. axb3 cxd5 17. Ng3 exd4 18. Nf5 O-O 19. exd4 Rfe8+ 20. Kd1 Re6 21.
h4 f6 22. b4 Nc7 23. Nc5 Nxc5 24. bxc5 Nb5 25. Rh3 a6 26. Re3 Rxe3 27. fxe3 Bf8
28. Ke2 Kf7 29. g4 Re8 30. Kf3 gxh4 31. Rh1 Nc7 32. Rxh4 Ne6 33. Nxh6+ Bxh6 34.
Rxh6 Ng5+ 35. Kf4 Ne6+ 36. Kf5 Ng7+ 37. Kf4 Ne6+ 38. Kg3 Ng5 39. Rh2 Kg6 40. b4
f5 41. gxf5+ Kxf5 42. Kf2 Re7 43. Ke2 Rh7 44. Rf2+ Ke6 45. Rg2 Ne4 46. Be1 Kd7
47. Rg6 Rh2+ 48. Kf3 Rh1 49. Rg7+ Kc8 50. Bg3 Rf1+ 51. Ke2 Rb1 52. Rc7+ Kd8 53.
Be5 Rxb4 54. Kf3 Rb2 55. Kg4 Rg2+ 56. Kh4 Rb2 57. Kg4 Rg2+ 58. Kh4 Rb2 59. Kh5
a5 60. Kg6 a4 61. Kf5 a3 62. Rg7 Ke8 63. Ke6 Kf8 64. Rg1 a2 65. Bf4 Nf6 66.
Bd6+ Ke8 67. Kxf6 Rb1 68. Rg8+ Kd7 69. Ra8 a1=Q 70. Rxa1 Rxa1 71. Bf4 Ra8 72.
Ke5 Kc6 73. Kf5 Rg8 74. Kf6 Re8 75. Be5 Kd7 76. Bf4 Re4 77. Kf5 Kc6 78. Kg4 Kb5
79. Kf3 Kc4 80. Bg5 Kd3 81. Bf4 Re7 82. Be5 Rf7+ 83. Bf4 Rf8 84. Kg4 Ke4 85.
Kg5 Rf7 86. Kg4 Rg7+ 87. Kh4 Rg1 88. Kh3 Re1 0-1

[Event "PokerStars Masters 2nd"]
[Site "Douglas"]
[Date "2015.10.04"]
[Round "2.27"]
[White "Vaisser, Anatoli"]
[Black "Zahn, Alina"]
[Result "1-0"]
[WhiteElo "2515"]
[BlackElo "2130"]
[PlyCount "82"]
[EventDate "2015.10.03"]
[EventType "swiss"]
[EventRounds "9"]
[EventCountry "IOM"]
[SourceTitle "twic1065-1099"]
[Source "Mark Crowther"]
[SourceDate "2015.12.04"]
[SourceVersion "1"]
[SourceVersionDate "2015.12.04"]
[SourceQuality "1"]

1. d4 Nf6 2. c4 e6 3. Nc3 d5 4. cxd5 exd5 5. Bg5 Nbd7 6. e3 Be7 7. Bd3 c6 8.
Qc2 O-O 9. Nge2 Re8 10. O-O Nf8 11. f3 Be6 12. a3 Rc8 13. b4 N6d7 14. Bxe7 Qxe7
15. e4 f6 16. Ng3 Qd6 17. Qf2 Nb6 18. Rfe1 Nfd7 19. f4 dxe4 20. Ncxe4 Qc7 21.
Nc5 Nxc5 22. dxc5 Nd5 23. Qc2 Nxf4 24. Bxh7+ Kf8 25. Bf5 Rcd8 26. Bxe6 Rxe6 27.
Qh7 Rde8 28. Rxe6 Rxe6 29. Nf5 Qf7 30. Rd1 Nd5 31. Nd6 Qg8 32. Qxg8+ Kxg8 33.
Nxb7 Re2 34. b5 Ne7 35. Rd8+ Kh7 36. Re8 Re5 37. a4 Kg6 38. b6 axb6 39. cxb6
Kf7 40. Nd6+ Ke6 41. b7 Kd5 1-0

[Event "PokerStars Masters 2nd"]
[Site "Douglas"]
[Date "2015.10.04"]
[Round "2.28"]
[White "Kolbus, Dietmar"]
[Black "Jackson, James P"]
[Result "1/2-1/2"]
[WhiteElo "2300"]
[BlackElo "2368"]
[PlyCount "65"]
[EventDate "2015.10.03"]
[EventType "swiss"]
[EventRounds "9"]
[EventCountry "IOM"]
[SourceTitle "twic1065-1099"]
[Source "Mark Crowther"]
[SourceDate "2015.12.04"]
[SourceVersion "1"]
[SourceVersionDate "2015.12.04"]
[SourceQuality "1"]

1. c4 Nf6 2. Nc3 c5 3. Nf3 e6 4. g3 b6 5. Bg2 Bb7 6. O-O Be7 7. b3 d6 8. Bb2
Nbd7 9. d4 cxd4 10. Qxd4 a6 11. Ng5 Bxg2 12. Kxg2 O-O 13. Nge4 Ne8 14. f4 Qb8
15. Qd3 Qb7 16. Qf3 Rb8 17. Nd2 b5 18. Qxb7 Rxb7 19. Rac1 Nef6 20. Kf3 Rfb8 21.
Rfd1 Ne8 22. e3 Bf6 23. Ba1 Rc7 24. Ne2 Bxa1 25. Rxa1 bxc4 26. Nxc4 d5 27. Na3
Kf8 28. Rac1 Rbc8 29. Rxc7 Rxc7 30. Rc1 Ke7 31. Rxc7 Nxc7 32. e4 Nf6 33. exd5
1/2-1/2

[Event "PokerStars Masters 2nd"]
[Site "Douglas"]
[Date "2015.10.04"]
[Round "2.29"]
[White "Illingworth, Max"]
[Black "Mertens, Heiko"]
[Result "1-0"]
[WhiteElo "2517"]
[BlackElo "2309"]
[PlyCount "49"]
[EventDate "2015.10.03"]
[EventType "swiss"]
[EventRounds "9"]
[EventCountry "IOM"]
[SourceTitle "twic1065-1099"]
[Source "Mark Crowther"]
[SourceDate "2015.12.04"]
[SourceVersion "1"]
[SourceVersionDate "2015.12.04"]
[SourceQuality "1"]

1. b3 e5 2. Bb2 Nc6 3. e3 a6 4. c4 Nf6 5. Nf3 e4 6. Nd4 Nxd4 7. Bxd4 b6 8. g4
Bc5 9. Nc3 Bb7 10. g5 Bxd4 11. exd4 e3 12. d5 exf2+ 13. Kxf2 Ng8 14. Qh5 Ne7
15. Bd3 d6 16. Rae1 Qd7 17. Ne4 Kf8 18. Nf6 Qd8 19. Rhf1 h6 20. Kg1 g6 21. Qf3
c5 22. Nd7+ Ke8 23. Nxb6 Qxb6 24. Qxf7+ Kd8 25. Rxe7 1-0

[Event "PokerStars Masters 2nd"]
[Site "Douglas"]
[Date "2015.10.04"]
[Round "2.30"]
[White "Jedynak, Radoslaw"]
[Black "Zisman, Philip"]
[Result "0-1"]
[WhiteElo "2427"]
[BlackElo "2305"]
[PlyCount "24"]
[EventDate "2015.10.03"]
[EventType "swiss"]
[EventRounds "9"]
[EventCountry "IOM"]
[SourceTitle "twic1065-1099"]
[Source "Mark Crowther"]
[SourceDate "2015.12.04"]
[SourceVersion "1"]
[SourceVersionDate "2015.12.04"]
[SourceQuality "1"]

1. d4 d5 2. c4 c6 3. cxd5 cxd5 4. Nf3 Nc6 5. Nc3 Nf6 6. Bf4 a6 7. e3 e6 8. Be2
Be7 9. O-O Nd7 10. Re1 g5 11. Be5 Ndxe5 12. Nxe5 Nxe5 0-1

[Event "PokerStars Masters 2nd"]
[Site "Douglas"]
[Date "2015.10.04"]
[Round "2.31"]
[White "Ambartsumova, Karina"]
[Black "Kobo, Ori"]
[Result "0-1"]
[WhiteElo "2262"]
[BlackElo "2427"]
[PlyCount "70"]
[EventDate "2015.10.03"]
[EventType "swiss"]
[EventRounds "9"]
[EventCountry "IOM"]
[SourceTitle "twic1065-1099"]
[Source "Mark Crowther"]
[SourceDate "2015.12.04"]
[SourceVersion "1"]
[SourceVersionDate "2015.12.04"]
[SourceQuality "1"]

1. e4 e6 2. d4 d5 3. Nc3 Bb4 4. Nge2 Nc6 5. a3 Ba5 6. b4 Bb6 7. Be3 Nge7 8. g3
dxe4 9. b5 Na5 10. Nxe4 Nf5 11. Bg2 e5 12. c3 Nxe3 13. fxe3 Be6 14. O-O O-O 15.
Nc1 Bc4 16. Rf5 Bxb5 17. Rxe5 Bc6 18. Qd3 f6 19. Rf5 g6 20. Rxa5 Bxa5 21. Nb3
Bb6 22. c4 f5 23. Nec5 Bxg2 24. Kxg2 Qd6 25. Re1 Rae8 26. a4 Bxc5 27. Nxc5 Qc6+
28. Kf2 b6 29. Nb3 Qxa4 30. Ra1 Qd7 31. Rxa7 f4 32. exf4 Qh3 33. Qf3 Qxh2+ 34.
Kf1 Rf7 35. c5 Rfe7 0-1

[Event "PokerStars Masters 2nd"]
[Site "Douglas"]
[Date "2015.10.04"]
[Round "2.32"]
[White "Roberson, Peter T"]
[Black "House, Glenn L"]
[Result "1-0"]
[WhiteElo "2423"]
[BlackElo "2229"]
[PlyCount "79"]
[EventDate "2015.10.03"]
[EventType "swiss"]
[EventRounds "9"]
[EventCountry "IOM"]
[SourceTitle "twic1065-1099"]
[Source "Mark Crowther"]
[SourceDate "2015.12.04"]
[SourceVersion "1"]
[SourceVersionDate "2015.12.04"]
[SourceQuality "1"]

1. e4 c5 2. Nf3 e6 3. c3 d5 4. exd5 exd5 5. d4 Nc6 6. Bb5 Bd6 7. dxc5 Bxc5 8.
O-O Nge7 9. Nbd2 O-O 10. Nb3 Bd6 11. Bd3 h6 12. h3 Bc7 13. Re1 Re8 14. a4 a6
15. Bc2 Qd6 16. Be3 Bf5 17. Bc5 Bxc2 18. Qxc2 Qg6 19. Qe2 Bd6 20. Rad1 Rad8 21.
Bxd6 Qxd6 22. Rd3 Rf8 23. Qd2 Ng6 24. Nbd4 Qf6 25. Rde3 Na5 26. b3 Nc6 27. g3
Rd7 28. Qe2 Re7 29. Nxc6 Rxe3 30. Qxe3 Qxc6 31. Nd4 Qd7 32. Kg2 Rc8 33. Qf3 Qc7
34. Re3 Rd8 35. Qg4 Qd6 36. Qe2 Qf6 37. Rf3 Qe5 38. Re3 Qf6 39. h4 Kf8 40. Ne6+
1-0

[Event "PokerStars Masters 2nd"]
[Site "Douglas"]
[Date "2015.10.04"]
[Round "2.33"]
[White "Grant, Jonathan"]
[Black "Satyapragyan, Swayangsu"]
[Result "1-0"]
[WhiteElo "2225"]
[BlackElo "2416"]
[PlyCount "97"]
[EventDate "2015.10.03"]
[EventType "swiss"]
[EventRounds "9"]
[EventCountry "IOM"]
[SourceTitle "twic1065-1099"]
[Source "Mark Crowther"]
[SourceDate "2015.12.04"]
[SourceVersion "1"]
[SourceVersionDate "2015.12.04"]
[SourceQuality "1"]

1. c4 e5 2. g3 Nc6 3. Nc3 d6 4. Bg2 Be6 5. d3 Qd7 6. Nd5 g6 7. e4 Bg7 8. Ne2
Nd8 9. d4 c6 10. Ne3 Bh3 11. O-O Bxg2 12. Kxg2 Nf6 13. f3 exd4 14. Nxd4 O-O 15.
b3 d5 16. cxd5 cxd5 17. e5 Nh5 18. f4 f6 19. Ba3 Re8 20. Nf3 d4 21. Nc4 Nc6 22.
Nd6 Rf8 23. Qe2 Qg4 24. Qc4+ Kh8 25. Nf7+ Rxf7 26. Qxf7 Nxf4+ 27. Kh1 Qe6 28.
Qxb7 Rb8 29. Qc7 Ne2 30. Qd6 Qh3 31. Qxc6 Nxg3+ 32. Kg1 Ne2+ 33. Kf2 Nf4 34.
Qe4 fxe5 35. Rg1 Qe6 36. Rg3 Qa6 37. Bc1 Rc8 38. Bxf4 exf4 39. Qxf4 d3 40. Rd1
Qxa2+ 41. Rd2 Qxb3 42. Qe4 Rd8 43. Rxg6 a5 44. Re6 Qb5 45. Rxd3 Rf8 46. Rd5
Qb2+ 47. Kg3 Qb8+ 48. Kg2 a4 49. Ng5 1-0

[Event "PokerStars Masters 2nd"]
[Site "Douglas"]
[Date "2015.10.04"]
[Round "2.34"]
[White "Koop, Thorben"]
[Black "Allen, Keith"]
[Result "1-0"]
[WhiteElo "2407"]
[BlackElo "2210"]
[PlyCount "67"]
[EventDate "2015.10.03"]
[EventType "swiss"]
[EventRounds "9"]
[EventCountry "IOM"]
[SourceTitle "twic1065-1099"]
[Source "Mark Crowther"]
[SourceDate "2015.12.04"]
[SourceVersion "1"]
[SourceVersionDate "2015.12.04"]
[SourceQuality "1"]

1. Nf3 f5 2. d3 d6 3. e4 e5 4. Nc3 Nf6 5. exf5 Bxf5 6. d4 e4 7. Nh4 Qd7 8. Qe2
Be7 9. Qb5 Bg4 10. Qxb7 O-O 11. Bc4+ d5 12. Nxd5 Nxd5 13. Qxd5+ Kh8 14. Qxd7
Nxd7 15. g3 Nb6 16. Be2 Bh3 17. Bf1 Bxf1 18. Rxf1 Bxh4 19. gxh4 Nd5 20. Be3 Rf3
21. Ke2 Raf8 22. c4 Nf4+ 23. Bxf4 R8xf4 24. Rac1 Kg8 25. Rc3 Rxc3 26. bxc3 Rf3
27. Rb1 Rxc3 28. c5 Rd3 29. Rb7 a5 30. Rxc7 Rxd4 31. Ke3 Rc4 32. Kf4 Rc2 33. c6
Rxa2 34. Rd7 1-0

[Event "PokerStars Masters 2nd"]
[Site "Douglas"]
[Date "2015.10.04"]
[Round "2.35"]
[White "Gikas, Andreas Basilius"]
[Black "Eggleston, David"]
[Result "1/2-1/2"]
[WhiteElo "2208"]
[BlackElo "2404"]
[PlyCount "92"]
[EventDate "2015.10.03"]
[EventType "swiss"]
[EventRounds "9"]
[EventCountry "IOM"]
[SourceTitle "twic1065-1099"]
[Source "Mark Crowther"]
[SourceDate "2015.12.04"]
[SourceVersion "1"]
[SourceVersionDate "2015.12.04"]
[SourceQuality "1"]

1. e4 c5 2. Nf3 d6 3. d4 Nf6 4. Nc3 cxd4 5. Nxd4 a6 6. Bg5 Nbd7 7. f4 Qc7 8.
Qf3 h6 9. Bxf6 Nxf6 10. f5 Qc5 11. O-O-O g5 12. fxg6 Bg4 13. gxf7+ Kxf7 14. Qd3
Bxd1 15. Nxd1 Bg7 16. Qb3+ d5 17. Nf5 Nxe4 18. Bd3 Nf6 19. Re1 Bf8 20. Qxb7 Ra7
21. Qb8 Rc7 22. Nh4 e5 23. Rxe5 Qd6 24. Kb1 Qxe5 25. Ng6 Qd6 26. Nxh8+ Kg8 27.
Ng6 Rc6 28. Qb3 Qxh2 29. Nxf8 Kxf8 30. Qb4+ Kf7 31. a3 Re6 32. Nc3 Qxg2 33.
Qb7+ Re7 34. Qxa6 Qg1+ 35. Ka2 Qa7 36. Qc8 Qe3 37. Nb5 Qf4 38. Qd8 Rd7 39. Qc8
h5 40. c3 Qf3 41. Qa6 Qf4 42. Nd4 Qd6 43. Qc8 Qc7 44. Qa6 Qd6 45. Qc8 Qc7 46.
Qa6 Qd6 1/2-1/2

[Event "PokerStars Masters 2nd"]
[Site "Douglas"]
[Date "2015.10.04"]
[Round "2.36"]
[White "Daulyte, Deimante"]
[Black "Walton, Alan J"]
[Result "1-0"]
[WhiteElo "2392"]
[BlackElo "2205"]
[PlyCount "51"]
[EventDate "2015.10.03"]
[EventType "swiss"]
[EventRounds "9"]
[EventCountry "IOM"]
[SourceTitle "twic1065-1099"]
[Source "Mark Crowther"]
[SourceDate "2015.12.04"]
[SourceVersion "1"]
[SourceVersionDate "2015.12.04"]
[SourceQuality "1"]

1. e4 e6 2. d4 d5 3. Nc3 Nf6 4. e5 Nfd7 5. f4 c5 6. Nf3 Nc6 7. Be3 Qb6 8. Qd2
Qxb2 9. Rb1 Qa3 10. Bb5 Qa5 11. O-O cxd4 12. Nxd4 Nxd4 13. Qxd4 a6 14. Bxd7+
Bxd7 15. Rxb7 Rc8 16. Rb3 Bc5 17. Qd3 O-O 18. Rf3 Bxe3+ 19. Rxe3 Rc4 20. f5 Rf4
21. f6 gxf6 22. Rg3+ Kh8 23. Qe3 Rf5 24. h3 Qd8 25. Qh6 Rg5 26. Rb8 1-0

[Event "PokerStars Masters 2nd"]
[Site "Douglas"]
[Date "2015.10.04"]
[Round "2.37"]
[White "Houska, Jovanka"]
[Black "Player, Edmund C"]
[Result "1-0"]
[WhiteElo "2372"]
[BlackElo "2200"]
[PlyCount "87"]
[EventDate "2015.10.03"]
[EventType "swiss"]
[EventRounds "9"]
[EventCountry "IOM"]
[SourceTitle "twic1065-1099"]
[Source "Mark Crowther"]
[SourceDate "2015.12.04"]
[SourceVersion "1"]
[SourceVersionDate "2015.12.04"]
[SourceQuality "1"]

1. d4 d5 2. Nf3 Nf6 3. c4 dxc4 4. e3 Bg4 5. Bxc4 e6 6. Nc3 a6 7. h3 Bh5 8. O-O
c5 9. dxc5 Qxd1 10. Rxd1 Bxf3 11. gxf3 Bxc5 12. b3 Nc6 13. Bb2 O-O 14. Rac1
Rfd8 15. Rxd8+ Rxd8 16. Na4 Bb4 17. Bxa6 bxa6 18. Rxc6 a5 19. Nb6 Rd1+ 20. Kg2
h6 21. a3 Be1 22. Rc8+ Kh7 23. Rc1 Rxc1 24. Bxc1 Bc3 25. Kf1 Kg6 26. Nc4 Nd7
27. Bd2 Bxd2 28. Nxd2 Nc5 29. b4 axb4 30. axb4 Nb7 31. Nc4 f6 32. f4 Kf7 33.
Ke2 Ke7 34. Kd3 Kd7 35. Kd4 Kc7 36. e4 Kd7 37. f5 exf5 38. exf5 Nd8 39. b5 Nf7
40. f4 h5 41. Kc5 Nh6 42. Nd6 Ng8 43. b6 Ne7 44. Ne8 1-0

[Event "PokerStars Masters 2nd"]
[Site "Douglas"]
[Date "2015.10.04"]
[Round "2.38"]
[White "Byron, Alan M"]
[Black "Gara, Ticia"]
[Result "1/2-1/2"]
[WhiteElo "2188"]
[BlackElo "2370"]
[PlyCount "69"]
[EventDate "2015.10.03"]
[EventType "swiss"]
[EventRounds "9"]
[EventCountry "IOM"]
[SourceTitle "twic1065-1099"]
[Source "Mark Crowther"]
[SourceDate "2015.12.04"]
[SourceVersion "1"]
[SourceVersionDate "2015.12.04"]
[SourceQuality "1"]

1. e4 c5 2. Nf3 d6 3. d4 cxd4 4. Nxd4 Nf6 5. Nc3 Bd7 6. Bc4 Nc6 7. Nxc6 Bxc6 8.
Qe2 g6 9. O-O Bg7 10. Rd1 Nd7 11. Nd5 O-O 12. c3 Bxd5 13. exd5 Ne5 14. Bb3 Rc8
15. f4 Nd7 16. Be3 Nc5 17. Bd4 Qb6 18. Bxg7 Kxg7 19. Qe3 a5 20. Rd2 a4 21. Bd1
Nd7 22. Qxb6 Nxb6 23. Rb1 Rc5 24. Bf3 Nc4 25. Re2 Rc7 26. Rbe1 Ra8 27. Be4 Nb6
28. Bf3 Kf8 29. Re4 Nc4 30. R1e2 b5 31. b3 Nb6 32. Rb4 Rc5 33. c4 axb3 34. axb3
Rcc8 35. Rxb5 1/2-1/2

[Event "PokerStars Masters 2nd"]
[Site "Douglas"]
[Date "2015.10.04"]
[Round "2.39"]
[White "Shvayger, Yuliya"]
[Black "Hill, Alistair"]
[Result "1-0"]
[WhiteElo "2368"]
[BlackElo "2180"]
[PlyCount "71"]
[EventDate "2015.10.03"]
[EventType "swiss"]
[EventRounds "9"]
[EventCountry "IOM"]
[SourceTitle "twic1065-1099"]
[Source "Mark Crowther"]
[SourceDate "2015.12.04"]
[SourceVersion "1"]
[SourceVersionDate "2015.12.04"]
[SourceQuality "1"]

1. e4 c6 2. d4 d5 3. e5 Bf5 4. Nf3 e6 5. Be2 Bb4+ 6. c3 Ba5 7. O-O Nd7 8. Qb3
Bb6 9. a4 Rb8 10. Bg5 f6 11. Bh4 Bc7 12. c4 Ne7 13. cxd5 exd5 14. exf6 Nxf6 15.
Bxf6 gxf6 16. Bd3 Qd6 17. Nbd2 Kd7 18. Rfe1 Bg6 19. Qc2 Rhg8 20. Re3 Rg7 21.
Rae1 Rbg8 22. g3 Bb6 23. Nb3 a6 24. Nc5+ Bxc5 25. dxc5 Bxd3 26. Rxd3 Qf4 27.
Nd4 Qg4 28. Ne6 Ng6 29. Rd4 Qxe6 30. Rxe6 Kxe6 31. Rd1 Ne5 32. f4 Nd7 33. Re1+
Kf7 34. Qf5 Nxc5 35. Qh5+ Kf8 36. Re8# 1-0

[Event "PokerStars Masters 2nd"]
[Site "Douglas"]
[Date "2015.10.04"]
[Round "2.40"]
[White "Arakhamia-Grant, Ketevan"]
[Black "Burrows, Martin"]
[Result "1-0"]
[WhiteElo "2363"]
[BlackElo "2147"]
[PlyCount "81"]
[EventDate "2015.10.03"]
[EventType "swiss"]
[EventRounds "9"]
[EventCountry "IOM"]
[SourceTitle "twic1065-1099"]
[Source "Mark Crowther"]
[SourceDate "2015.12.04"]
[SourceVersion "1"]
[SourceVersionDate "2015.12.04"]
[SourceQuality "1"]

1. e4 e6 2. d4 d5 3. Nc3 Bb4 4. e5 c5 5. a3 Bxc3+ 6. bxc3 Ne7 7. h4 Qc7 8. Nf3
Nbc6 9. h5 Bd7 10. h6 gxh6 11. Bxh6 Nf5 12. Bg5 cxd4 13. Bf6 Rg8 14. Rxh7 Nce7
15. Bd3 Qxc3+ 16. Kf1 Qc5 17. Ng5 O-O-O 18. g4 Ne3+ 19. fxe3 dxe3 20. Rb1 Rdf8
21. Qf3 Bc6 22. Qf4 a5 23. Nxf7 Ng6 24. Qg3 Rxf7 25. Rxf7 d4 26. Ke2 Qd5 27.
Rf1 Bb5 28. Qf3 Nf4+ 29. Qxf4 Qg2+ 30. Rf2 exf2 31. Qxf2 Qe4+ 32. Kd2 Bxd3 33.
cxd3 Qg6 34. Be7 Qxg4 35. Rf8+ Rxf8 36. Qxf8+ Kc7 37. Qd8+ Kc6 38. Qd6+ Kb5 39.
Qc5+ Ka6 40. Qc4+ b5 41. Qc8+ 1-0